000 00247nam a2200097Ia 4500
001 1153646
005 20250827011129.0
008 250824s9999 xx 000 0 und d
245 0 _aÖLÜMDEN BETER
_cÇAĞATAY KÜPÇÜ
260 _bDESTEK YAYINLARI
999 _c1153646
_d1153646